| 000 | 00324nam a22001217a 4500 | ||
|---|---|---|---|
| 008 | 230704b xxu||||| |||| 00| 0 eng d | ||
| 082 |
_a344.01 _bCPK |
||
| 100 | _cCPK | ||
| 245 | _aA handbook of the Labour Laws of the Colony and Protectorate of Kenya | ||
| 260 |
_aKenya _c1945 |
||
| 300 | _avarrious paging | ||
| 942 |
_2ddc _cBK |
||
| 999 |
_c3610 _d3610 |
||